Statistics for Actors in Movies: Tile Select

Click here to take the quiz!

General Stats

  • This quiz has been taken 270 times
    (49 since last reset)
  • The average score is 72 of 96

Answer Stats

QuestionTileSelect% Correct
Marvel Cinematic UniverseChris Hemsworth
98%
Star WarsTom Hanks
98%
Star WarsBrad Pitt
96%
Harry PotterDaniel Radcliffe
96%
Star WarsHarrison Ford
96%
Marvel Cinematic UniverseLeonardo DiCaprio
96%
Marvel Cinematic UniverseRobert Downey Jr.
96%
Marvel Cinematic UniverseScarlett Johansson
96%
Marvel Cinematic UniverseTom Cruise
96%
Star WarsVin Diesel
96%
Marvel Cinematic UniverseWilliam Shatner
96%
Harry PotterEmma Watson
93%
Star WarsMichael Caine
93%
BatmanHeath Ledger
91%
Star WarsJeff Goldblum
91%
Harry PotterSimon Pegg
91%
BatmanChristian Bale
89%
James BondDaniel Craig
89%
Harry PotterEva Green
89%
Star WarsEwan McGregor
89%
Star WarsMark Hamill
89%
Marvel Cinematic UniverseMark Ruffalo
89%
James BondSean Connery
89%
BatmanBen Affleck
87%
Star WarsCarrie Fisher
87%
Marvel Cinematic UniverseChris Evans
87%
Marvel Cinematic UniverseChris Pratt
87%
BatmanPaul Newman
87%
Harry PotterTom Hiddleston
87%
Marvel Cinematic UniverseTom Holland
87%
James BondAl Pacino
85%
Harry PotterDaniel Day-Lewis
85%
BatmanMichael Keaton
85%
Harry PotterRupert Grint
85%
Marvel Cinematic UniverseBenedict Cumberbatch
83%
Marvel Cinematic UniverseEmma Stone
83%
Marvel Cinematic UniverseGal Gadot
83%
Marvel Cinematic UniverseJeremy Renner
83%
Harry PotterJudi Dench
83%
BatmanKristen Stewart
83%
Middle-EarthMatt Damon
83%
James BondMike Myers
83%
James BondPierce Brosnan
83%
Harry PotterAlan Rickman
80%
Middle-EarthElijah Wood
80%
Star WarsNatalie Portman
80%
James BondRobert Redford
80%
BatmanWillem Dafoe
80%
BatmanGeorge Clooney
78%
Middle-EarthIan McDiarmid
78%
Marvel Cinematic UniverseJames Franco
78%
Harry PotterJohn Lithgow
78%
Star WarsLiam Neeson
78%
Middle-EarthOrlando Bloom
78%
BatmanVal Kilmer
78%
Middle-EarthCharles Dance
76%
James BondJames Earl Jones
76%
BatmanRobert Pattinson
76%
Star WarsAdam Driver
74%
Middle-EarthAnthony Hopkins
74%
James BondLucy Liu
74%
James BondRoger Moore
74%
Star WarsSamuel L. Jackson
74%
Star WarsDaisy Ridley
72%
Marvel Cinematic UniverseJosh Brolin
72%
BatmanTom Hardy
72%
BatmanAdam West
70%
BatmanAnne Hathaway
70%
Middle-EarthBrian Cox
70%
Harry PotterRalph Fiennes
70%
Middle-EarthSean Bean
70%
Middle-EarthViggo Mortensen
70%
Harry PotterIan McKellen
67%
Harry PotterMaggie Smith
67%
Harry PotterEddie Redmayne
65%
Middle-EarthHugo Weaving
65%
Middle-EarthLiv Tyler
65%
Middle-EarthPeter Dinklage
65%
Middle-EarthMartin Freeman
63%
Middle-EarthCate Blanchett
61%
Star WarsChristopher Lee
61%
James BondTimothy Dalton
61%
James BondGeorge Lazenby
57%
James BondJavier Bardem
57%
James BondMads Mikkelsen
54%
Middle-EarthSean Astin
54%
James BondChristoph Waltz
52%
James BondRami Malek
50%
Harry PotterColin Farrell
41%
James BondChristopher Walken
39%
BatmanHalle Berry
39%
Harry PotterJohnny Depp
39%
Middle-EarthIan Holm
37%
BatmanAndy Serkis
35%
BatmanBilly Dee Williams
17%
Star WarsWoody Harrelson
17%

Score Distribution

Percentile by Number Answered

Percent of People with Each Score

Your Score History

You have not taken this quiz since the last reset